书目信息 |
| 题名: |
岩土材料的环境效应
|
|
| 作者: | 陈四利 , 宁宝宽 著 | |
| 分册: | ||
| 出版信息: | 北京 冶金工业出版社 2009.07 |
|
| 页数: | 213页 | |
| 开本: | 21cm | |
| 丛书名: | ||
| 单 册: | ||
| 中图分类: | TU528.32 | |
| 科图分类: | ||
| 主题词: | 建筑材料:非金属材料 | |
| 电子资源: | ||
| ISBN: | 978-7-5024-4952-0 | |
| 000 | 00701nam0 2200217 450 | |
| 001 | 1136859156 | |
| 005 | 20111227101549.04 | |
| 010 | @a978-7-5024-4952-0@dCNY26.00 | |
| 100 | @a20111227d2009 km y0chiy0120 ea | |
| 101 | 0 | @achi |
| 102 | @aCN@b110000 | |
| 105 | @aak z 000yy | |
| 200 | 1 | @a岩土材料的环境效应@Ayan tu cai liao de huan jing xiao ying@f陈四利, 宁宝宽著@Fchen si li,ning bao kuan zhu |
| 210 | @a北京@c冶金工业出版社@d2009.07 | |
| 215 | @a213页@c图@d21cm | |
| 606 | 0 | @a建筑材料:非金属材料 |
| 690 | @aTU528.32@v4 | |
| 701 | 0 | @a陈四利@Achen si li@4著 |
| 701 | 0 | @a宁宝宽@Aning bao kuan@4著 |
| 801 | 0 | @aCN@b大连网信软件有限公司图书馆·11@c20111227 |
| 905 | @aZUCC@dTU528.32@eC560@f3 | |
| 岩土材料的环境效应/陈四利, 宁宝宽著.-北京:冶金工业出版社,2009.07 |
| 213页:图;21cm |
| ISBN 978-7-5024-4952-0:CNY26.00 |
| ● |
| 相关链接 |
|
|
|
正题名:岩土材料的环境效应
索取号:TU528.32/C560
 
预约/预借
| 序号 | 登录号 | 条形码 | 馆藏地/架位号 | 状态 | 备注 |
| 1 | 1180285 | 211802851 | 土木与交通工程学院资料室/101建筑库 51排6列4层/ [索取号:TU528.32/C560] | 在馆 | |
| 2 | 1180286 | 211802860 | 建筑库201/201建筑库 8排3列2层/ [索取号:TU528.32/C560] | 在馆 | |
| 3 | 1180287 | 211802879 | 建筑库201/201建筑库 8排3列2层/ [索取号:TU528.32/C560] | 在馆 |